Rugby 7s Series Winners by Year - Statistics

General Stats
  • This quiz has been taken 17 times
  • The average score is 19 of 25
Answer Stats
Year Winner Runners Up 3rd Place % Correct
2023 New Zealand Argentina Fiji
100%
2024 France Argentina Fiji
94%
2011 New Zealand South Africa England
81%
2019 Fiji United States New Zealand
75%
2014 New Zealand South Africa Fiji
75%
2013 New Zealand South Africa Fiji
75%
2012 New Zealand Fiji England
75%
2008 New Zealand South Africa Samoa
75%
2007 New Zealand Fiji Samoa
75%
2005 New Zealand Fiji England
75%
2004 New Zealand England Argentina
75%
2003 New Zealand England Fiji
75%
2002 New Zealand South Africa England
75%
2001 New Zealand Australia Fiji
75%
2000 New Zealand Fiji Australia
75%
2018 South Africa Fiji New Zealand
75%
2009 South Africa Fiji England
75%
2022 Australia South Africa Fiji
69%
2016 Fiji South Africa New Zealand
69%
2015 Fiji South Africa New Zealand
69%
2006 Fiji England South Africa
69%
2021 South Africa Great Britain Kenya
69%
2020 New Zealand South Africa Fiji
63%
2010 Samoa New Zealand Fiji
63%
2017 South Africa England Fiji
63%
No matching quizzes found
Score Distribution
Percent of People with Each Score
Percentile by Number Answered
Your Score History
You have not taken this quiz